000 00304nam a2200121Ia 4500
005 20251222144904.0
008 251222s9999||||xx |||||||||||||| ||spa||
082 _a027.006/M42
100 _aMendoza Navarro, Aída Luz
245 0 _aTransparencia vs corrupción:
264 _bPerú Textos
942 _cLIB
999 _c22100
_d22100